Feste Wortverbindungen in den deutschen Wirtschaftspopulären Texten mit Fokus auf das Übersetzen diplomová práca

Enregistré dans:
Détails bibliographiques
Auteur principal: Svetlíková, Mária
Collectivité auteur: Fakulta aplikovaných jazykov EU v Bratislave. Katedra jazykovedy a translatológie
Autres auteurs: Lišková, Danuša
Format: Livre
Langue:allemand
Publié: Bratislava 2018
Tags: Ajouter un tag
Pas de tags, Soyez le premier à ajouter un tag!

MARC

LEADER 00000nbm a2200000 4500
001 0244052
005 20181011145438.8
041 0 |a ger 
044 |a SK 
245 1 0 |a Feste Wortverbindungen in den deutschen Wirtschaftspopulären Texten mit Fokus auf das Übersetzen  |b diplomová práca  |c Mária Svetlíková ; školiteľ: Danuša Lišková 
264 1 |a Bratislava  |c 2018 
300 |a 71 s. 
100 1 |a Svetlíková, Mária 
700 1 |a Lišková, Danuša 
710 2 |a Fakulta aplikovaných jazykov EU v Bratislave. Katedra jazykovedy a translatológie